| 000 | 00675nam a2200241 a 4500 | ||
|---|---|---|---|
| 008 | |||
| 020 | _a0534172202 | ||
| 049 | _aMAIN | ||
| 090 | _aBF698 | ||
| 100 | 1 | _aBurger, Jerry M. | |
| 245 | 1 | 0 |
_aPersonality / _cJerry M. Burger. |
| 250 | _a3rd ed. | ||
| 260 |
_aPacific Grove, Calif. : _bBrooks/Cole Pub. , _cc1993. |
||
| 300 |
_axviii, 590 p. : _bill. ; _c24 cm. |
||
| 504 | _aIncludes bibliographical references: (p. 546-577) | ||
| 500 | _aIncludes Index. | ||
| 650 | 0 | _aPersonality | |
| 907 |
_a.b10022636 _b17-06-03 _c17-04-03 |
||
| 003 | |||
| 005 | 20230123133139.0 | ||
| 040 | _cNUST | ||
| 942 |
_cBOOKS _kBF698 |
||
| 999 |
_c143546 _d143546 |
||